Diagnosis estratègiques territorials : document d'estratègies pel territori de Vilafranca del Penedès document d'estratègies pel territori de Vilafranca del Penedès
Descripción Física:
138 p. : quadres, gràfics ; 30 cm
Otros Autores:
Pacte Territorial per a l'ocupació Alt Penedès
MARC
| LEADER | 00000nam a2200000Ia 4500 | ||
|---|---|---|---|
| 001 | 24071 | ||
| 008 | 160829s2004 xx 000 0 cat d | ||
| 080 | |a Bib-145 | ||
| 245 | |a Diagnosis estratègiques territorials : |b document d'estratègies pel territori de Vilafranca del Penedès | ||
| 260 | |a Barcelona : |b Diputació de Barcelona. Àrea de Promoció Econòmica i Ocupació, |c 2004 | ||
| 300 | |a 138 p. : |b quadres, gràfics ; |c 30 cm | ||
| 590 | |a Títol a l'interior : Diagnosi estratègica territorial de l'Alt Penedès, setembre 2003 | ||
| 650 | 0 | |a Política d'ocupació |9 7017 | |
| 650 | 0 | |a Administració local |z Vilafranca del Penedès (Catalunya) |9 6197 | |
| 700 | |a Pacte Territorial per a l'ocupació Alt Penedès |9 49624 | ||
| 710 | 1 | |a Barcelona (Catalunya : Província). |b Àrea de Promoció Econòmica i Ocupació |9 17540 | |
| 901 | |a Arxiu | ||
| 942 | |n 1 | ||
| 952 | |0 0 |1 0 |4 0 |6 BIB145 |7 1 |9 55492 |a Arxiu |b Arxiu |d 2016-12-01 |l 0 |o Bib-145 |p 24071 |r 2016-12-01 00:00:00 |w 2016-12-01 |y ARXIU | ||
| 999 | |c 59365 |d 59365 | ||